Quizzes
Events
Quiz Creation
Community
Videos
Private Events
Remove Ads
Sign In
Join for FREE
Feedback
Dark Mode
Quiz Categories
Sports
Geography
Music
Movies
Television
Just For Fun
Miscellaneous
History
Literature
Language
Science
Gaming
Entertainment
Religion
Holiday
For Kids
Quiz Lab
Recent
Popular Today
Quiz Kudos Today
Editor Picks
Curator Picks
Quizzes by...
Day
Popularity
Type
Ratings
Length
Year
Community
Subscriptions
Recent Discussions
Orange Saloon
Badges
Playlists
Quests
Create
Leaderboards
Showdown
Live 5
Trivia Bingo
Activity
Puzzle Library
Sporcle Events
Private Events
Virtual Trivia
Globe League
Become a Host
Pub Owners
SporcleCon
Opinionation
Our Games
Videos
Blog
Mobile Apps
Partnerships
Remove Ads and Go Orange
Feedback
Television
TV Characters
TV Show
Sitcom
Network
Friends
Reality Shows
Cast
South Park
Star Trek
The Simpsons
Doctor Who
Television
TV Characters
TV Show
Sitcom
Network
Friends
Reality Shows
Cast
South Park
Star Trek
The Simpsons
Doctor Who
Random Quiz
Search Sporcle
×
Quiz Lab
Quiz Lab
Television
Yes
Type in answers that appear in a list
Type in answers that appear in a list
Classic
Best Score? Go Orange.
Yes Minister / Yes Prime Minister trivia Stats
How well do you know the classic sitcoms ?
By
Capel_Blue
10m
20 Questions
201 Plays
201 Plays
201 Plays
Comments
Comments
Give Quiz Kudos
Give Quiz Kudos
-
- Ratings
hide this ad
Replay
Link that replays current quiz
Next Quiz
Link to next quiz in quiz playlist
You Got
0%
They Got
Avg Score
59%
Avg Friend Score
Upgrade to see
Score Distribution
Jump to the score distribution portion of the page
Score
0/20
Timer
10:00
0
Plays Today
Hint
Answer
% Correct
What is the name of Paul Eddington's character ?
Jim Hacker
93.5%
In one episode the ministers daughter threatens a nude protest to protect which sort of animal in Hayward's Spinney ?
Badger
88.6%
What is the christian name of his private secretary played by Derek Fowlds ?
Bernard
87.1%
In Party games, which of the front runners (Eric or Duncan) was forced to withdraw due to liaisons with a communist spy ?
Eric
82.1%
Which government department does he become minister of at the start of the first series ?
Administrative affairs
81.1%
The minister was blackmailed by an African leader into giving his country a loan, which fictional country was it ?
Buranda
77.6%
In the episode the key, who had their key to number 10 taken away and ended up setting off a police alert trying to get in ?
Sir Humphrey
76.1%
Who played his permanant secretary Sir Humphrey Appleby ?
Nigel Hawthorne
75.6%
What proposed gift from the French president to the Queen causes government paralysis ?
Puppy
71.6%
Whose retirement allowed Sir Humphrey to move up to the role of cabinet secretary ?
Sir Arnold
69.2%
Hint
Answer
% Correct
What did Humphrey insist on calling her ?
Dear lady
66.7%
What was the name of Jim's political advisor now he was PM ?
Dorothy Wainwright
55.2%
What is the name of the bumbling buffoon that Humphrey wants to appoint as governor of the Bank of England ?
Sir Desmond Glazebrook
49.8%
Which organisation did the former cabinet secretary join ?
Campaign for freedom of information
40.3%
Who is interviewing Sir Humphrey when he makes indiscrete remarks thinking he is off air ?
Ludovic Kennedy
36.3%
What was the name of the empty hospital that was staffed with hundreds of administrators ?
St Edwards
33.3%
In the bishops gambit, which town is the vacant bishopric in ?
Bury St Edmunds
31.3%
What was the name of the union firebrand who threatened to strike when the minister tried to get the hospital open ?
Billy Fraser
29.9%
Why was the other candidate forced to withdraw ?
Finances
21.9%
On a map shown in the episode Buranda was shown as being which real country ?
Equatorial Guinea
14.4%
Quiz Playlist
Details
Report
Send in Message
Add To Playlist
Classic:
Type in answers that appear in a list
Last Updated: Mar 7, 2017
Quiz Scoreboard
CHALLENGE
Sign Up to Join the Scoreboard
Show All
Scores
Hide
Comments
May contain spoilers
Recently Published
Alphabetical 'K' Countries by Flag Minefield
by ylime102
Geography
3m
Pick 6: Fruits
by JohnFran
Miscellaneous
15s
Click the 1999 NBA Draft
by nibperrychub
Sports
2m
More to Explore
Quiz From the Vault
Featured Blog Post
15 Basketball Trivia Facts You Can Be March Mad About
hide this ad
You Might Also Like...
Tags
classic
prime
Trivia
Yes
Today's Top Quizzes in Television
Browse Television
hide this ad
Top Contributed Quizzes in Television
1
Hidden Simpsons Character
2
First Name TV: Leading Men
3
Hidden Simpsons Character II
4
Hidden Simpsons Character III
5
First Name TV: Leading Women Drama
6
Hidden Simpsons Character IV
7
Hidden Simpsons Character V
8
Hidden Simpsons Character VI
9
Hidden Simpsons Character VII
10
Pick A Pair: Religious TV
Explore More
Trending Topics
Crossword
Harry Potter
Kpop
NBA
Disney
Anime
Marvel
Soccer
Pokémon
Country
WWE
Puzzle
NFL
The Office
Song
hide this ad
More By:
Capel_Blue
Quiz
Plays
Rating
Category
Featured
Created
Yes Minister / Yes Prime Minister trivia
201
4.00
Television
Mar 7, 2017
Monarchs of England
13
History
Apr 18, 2020
Go to Creator's Profile
Score Distribution
Quiz Creator Spotlight
Capel_Blue
Follow
Send a Message
Quizzes Created
-
Created Quiz Play Count
-
More By This Creator
Popular Quizzes Today
1
Find the US States - No Outlines Minefield
2
Pick 6: Fruits
3
Countries of Asia Without Outlines Minefield
4
Alphabetical 'K' Countries by Flag Minefield
5
The Countries of the World
6
Match the Book to the Film X
7
Click the 1999 NBA Draft
8
NBA Logic Puzzle
More Television Quizzes
Follow That Line: House of the Dragon: Episode 1x08
Quiz Lab
Trending Quizzes
Donkey Kong Minefield
Multiplication Danger Zone
DC Extended Universe: Oldest to Newest
The 3rd Thing You Need to Know: Actresses
Minefield Map: North American Capitals
Recently Updated
Women's Final Four Teams by Year
bhenderson79
Presidents Quartet II
eogle
Anything But Clue(do)
eogle
Anything But Oceanian Capitals
eogle
Anything But 7
eogle
Anything But Thing
eogle
Word Ladder: February 29
pecheneg
Song Title Questions
pecheneg
Women's NCAA Tournament #1 Seeds
pecheneg
Celebrity Mug Shots
pecheneg
Trending Topics
Marvel
Anime
NBA
Crossword
Disney
Kpop
Harry Potter
NFL
Country
Song
Soccer
The Office
Pokémon
Puzzle
WWE
Your Account Isn't Verified!
In order to create a playlist on Sporcle, you need to verify the email address you used during registration. Go to your
Sporcle Settings
to finish the process.
Report this User
Report this user for behavior that violates our
Community Guidelines
.
Details:
Send Report
Go to the Sporcle.com Mobile Site →
Comments